000 00933nam a22002657a 4500
005 2009060304244.0
008 090216t xxu||||| |||| 00| 0 eng d
010 _aENG-93839
020 _a8190272543
_c300.00
035 _aEN-77372
037 _bDBAD / PUB
040 _adpl
_bEnglish
082 _a807.9
100 _aMehta, Shashi
245 _aNobel prize winners:
_cby Shashi Mehta
_bliterature /
260 _aDelhi
_bGlobal Publishers
_c2009
270 _a485-A/3, 2th Floor, Bhola Nath Nagar, Shahdra
_bDelhi
_e110032
300 _a192p.:
_c22cm.(pbk)
_bb&w photos
650 _aNobel Prizes
650 _aLiterature
_xAwards
650 _aNobel Prize winners
942 _2ddc
_cEN
_mMEH
_h807.9
999 _c27186
_d27186